[Event "World Open"]
[Site "Arlington, VA"]
[Date "2013.07.05"]
[Round "5.35"]
[White "Enkhbat, Tegshsuren"]
[Black "Williams, Justus"]
[Result "0-1"]
[WhiteElo "2428"]
[BlackElo "2199"]
[PlyCount "106"]
[EventDate "2013.07.??"]
[EventType "swiss"]
[EventRounds "9"]
[EventCountry "USA"]

1. d4 Nf6 2. c4 e6 3. g3 Bb4+ 4. Bd2 Qe7 5. Nf3 Nc6 6. Nc3 d6 7. Bg2 O-O 8. O-O
Bxc3 9. Bxc3 Ne4 10. Rc1 Nxc3 11. Rxc3 e5 12. d5 Nb8 13. Nd2 f5 14. Qc2 Nd7 15.
b4 Nf6 16. Rd1 Qf7 17. Qb3 Qh5 18. f3 Qg6 19. f4 exf4 20. gxf4 Nh5 21. Rf3 Bd7
22. Kh1 Rae8 23. e3 Re7 24. Rg1 Rfe8 25. Rh3 Nf6 26. Re1 Ng4 27. Kg1 Qf6 28.
Nf1 Kh8 29. a4 c6 30. b5 cxd5 31. Bxd5 Be6 32. Rd1 Qg6 33. Rg3 Qh5 34. Bxe6
Rxe6 35. Rd3 Qh4 36. Qb2 Qe7 37. Qc2 Qc7 38. h3 Nf6 39. Rg2 Qc5 40. Qc3 Qc7 41.
Rd4 Qf7 42. Qb2 Ne4 43. Rd5 Rg6 44. Rxg6 Qxg6+ 45. Qg2 Qh5 46. Kh2 Re6 47. Ng3
Nxg3 48. Qxg3 Qe2+ 49. Qg2 Qxe3 50. Rxf5 g6 51. Qb2+ Kg8 52. Rf6 Re7 53. Qg2
Qe1 0-1

[Event "World Open"]
[Site "Arlington, VA"]
[Date "2013.07.06"]
[Round "6.1"]
[White "Erenburg, Sergey"]
[Black "Akobian, Varuzhan"]
[Result "1/2-1/2"]
[WhiteElo "2615"]
[BlackElo "2612"]
[PlyCount "22"]
[EventDate "2013.07.??"]
[EventType "swiss"]
[EventRounds "9"]
[EventCountry "USA"]
[WhiteClock "1:01:31"]
[BlackClock "1:12:15"]

1. e4 c6 2. d4 d5 3. e5 Bf5 4. Nf3 e6 5. Be2 Nd7 6. Nbd2 h6 7. O-O Ne7 8. c3
Bh7 9. b4 a5 10. Nb3 axb4 11. cxb4 Nf5 1/2-1/2

[Event "World Open"]
[Site "Arlington, VA"]
[Date "2013.07.06"]
[Round "6.2"]
[White "Bruzon Batista, Lazaro"]
[Black "Mikhalevski, Victor"]
[Result "1-0"]
[WhiteElo "2689"]
[BlackElo "2552"]
[PlyCount "119"]
[EventDate "2013.07.??"]
[EventType "swiss"]
[EventRounds "9"]
[EventCountry "USA"]
[WhiteClock "0:09:45"]
[BlackClock "0:07:43"]

1. e4 e5 2. Nf3 Nc6 3. Bb5 a6 4. Ba4 Nf6 5. O-O Nxe4 6. d4 b5 7. Bb3 d5 8. dxe5
Be6 9. Nbd2 Nc5 10. c3 Be7 11. Bc2 d4 12. Nb3 d3 13. Bb1 Nxb3 14. axb3 Bf5 15.
Be3 O-O 16. Bd4 Qd5 17. Re1 d2 18. Re2 Bxb1 19. Rxb1 Nxd4 20. Nxd4 Bg5 21. g3
c5 22. Nf5 Qd3 23. Nd6 Qg6 24. h4 Bxh4 25. Rxd2 Be7 26. Rd5 f6 27. e6 f5 28.
Qd3 Qxe6 29. Nxf5 Bf6 30. Rd1 Rad8 31. Qe3 Qxe3 32. Nxe3 Rxd5 33. Nxd5 b4 34.
Ra1 Rb8 35. cxb4 Bxb2 36. Ra2 Bd4 37. Rxa6 Kf7 38. bxc5 Rxb3 39. c6 Rxg3+ 40.
Kf1 Rf3 41. Ra2 Ke6 42. Nc7+ Kf7 43. Nb5 Be5 44. c7 Bxc7 45. Nxc7 g5 46. Ra7 g4
47. Kg2 h5 48. Nd5+ Kg6 49. Ne3 Kg5 50. Ra5+ Kg6 51. Re5 Rf4 52. Kg1 Ra4 53.
Ng2 Kh6 54. Nh4 Ra1+ 55. Kg2 Ra3 56. Re3 Ra5 57. Re6+ Kg5 58. Kg3 Ra3+ 59. f3
gxf3 60. Rg6# 1-0

[Event "World Open"]
[Site "Arlington, VA"]
[Date "2013.07.06"]
[Round "6.3"]
[White "Ramirez, Alejandro"]
[Black "Laznicka, Viktor"]
[Result "0-1"]
[WhiteElo "2583"]
[BlackElo "2684"]
[PlyCount "100"]
[EventDate "2013.07.??"]
[EventType "swiss"]
[EventRounds "9"]
[EventCountry "USA"]
[WhiteClock "0:03:59"]
[BlackClock "0:03:27"]

1. d4 d5 2. c4 c6 3. Nf3 Nf6 4. Nc3 a6 5. g3 e6 6. Bg2 dxc4 7. a4 c5 8. dxc5
Qxd1+ 9. Nxd1 Bd7 10. Ne3 Bc6 11. Nxc4 Bxc5 12. O-O Nbd7 13. Bf4 Ke7 14. Na5
Bd5 15. Ne5 Bb4 16. Nxd7 Bxg2 17. Kxg2 Nxd7 18. Nc4 Rhc8 19. b3 b5 20. axb5
axb5 21. Ne5 Nxe5 22. Bxe5 f6 23. Bd4 e5 24. Be3 Bd6 25. Rfd1 b4 26. Rxa8 Rxa8
27. f3 Ra3 28. Rd3 f5 29. Bd2 Ra2 30. e4 g6 31. Kf1 Ke6 32. h3 h5 33. Be3 f4
34. gxf4 exf4 35. Bf2 g5 36. Rd5 Rb2 37. Rd3 Be5 38. Be1 Bc3 39. Bxc3 Rxb3 40.
Ke2 bxc3 41. Kd1 g4 42. fxg4 f3 43. Kc2 f2 44. Rd1 hxg4 45. hxg4 Ra3 46. Rf1
Ke5 47. Kb1 c2+ 48. Kb2 c1=Q+ 49. Rxc1 Rf3 50. Rf1 Kxe4 0-1

[Event "World Open"]
[Site "Arlington, VA"]
[Date "2013.07.06"]
[Round "6.4"]
[White "Gelashvili, Tamaz"]
[Black "Yuniesky, Quesada"]
[Result "1/2-1/2"]
[WhiteElo "2572"]
[BlackElo "2639"]
[PlyCount "93"]
[EventDate "2013.07.??"]
[EventType "swiss"]
[EventRounds "9"]
[EventCountry "USA"]
[WhiteClock "0:25:29"]
[BlackClock "0:25:07"]

1. d4 Nf6 2. Nf3 e6 3. e3 b6 4. Bd3 Bb7 5. O-O Be7 6. c4 O-O 7. Nc3 d5 8. b3 c5
9. Bb2 cxd4 10. Nxd4 dxc4 11. Bxc4 Nc6 12. Nxc6 Bxc6 13. Qe2 Qc8 14. Nb5 Qb7
15. f3 a6 16. Nd4 b5 17. Bd3 Bd7 18. Rac1 Qb6 19. Kh1 Rac8 20. a3 Rxc1 21. Rxc1
Rc8 22. Rxc8+ Bxc8 23. b4 Bb7 24. e4 Nd7 25. Nb3 Bd6 26. Bd4 Qc7 27. g3 Ne5 28.
Kg2 h6 29. Qd2 Nd7 30. Qc3 Qxc3 31. Bxc3 e5 32. Bd2 Nb6 33. Be3 Na4 34. Na5 Ba8
35. Kf2 Bc7 36. Nb3 Bc6 37. Ke1 f6 38. Kd2 Kf7 39. Kc2 Ke7 40. g4 Bd7 41. Nc1
Be6 42. Ne2 Bb6 43. Bc1 Bf2 44. Ng3 Bxg3 45. hxg3 Nb6 46. Be3 Nc4 47. Bxc4
1/2-1/2

[Event "World Open"]
[Site "Arlington, VA"]
[Date "2013.07.06"]
[Round "6.7"]
[White "Negi, Parimarjan"]
[Black "Sarkar, Justin"]
[Result "1-0"]
[WhiteElo "2634"]
[BlackElo "2451"]
[PlyCount "75"]
[EventDate "2013.07.??"]
[EventType "swiss"]
[EventRounds "9"]
[EventCountry "USA"]

1. e4 c5 2. Nf3 d6 3. d4 Nf6 4. Nc3 cxd4 5. Nxd4 a6 6. h3 e6 7. g4 Be7 8. g5
Nfd7 9. Be3 Nc6 10. h4 O-O 11. Be2 Nb6 12. f4 d5 13. h5 e5 14. h6 g6 15. Nxc6
bxc6 16. fxe5 Bxg5 17. Bxg5 Qxg5 18. Qd4 Qg3+ 19. Kd1 Nc4 20. e6 Qe5 21. Qxe5
Nxe5 22. exd5 fxe6 23. d6 Nf7 24. d7 Bxd7 25. Ne4 a5 26. Ke1 Rad8 27. Rd1 Bc8
28. Rxd8 Rxd8 29. Rh3 e5 30. Ra3 Nxh6 31. Rxa5 Bf5 32. Bc4+ Kg7 33. Ra7+ Rd7
34. Rxd7+ Bxd7 35. a4 Nf5 36. Nc5 Be8 37. Be6 Nd4 38. c3 1-0

[Event "World Open"]
[Site "Arlington, VA"]
[Date "2013.07.06"]
[Round "6.8"]
[White "Gerzhoy, Leonid"]
[Black "Robson, Ray"]
[Result "0-1"]
[WhiteElo "2469"]
[BlackElo "2628"]
[PlyCount "90"]
[EventDate "2013.07.??"]
[EventType "swiss"]
[EventRounds "9"]
[EventCountry "USA"]

1. d4 Nf6 2. Nf3 g6 3. Bg5 Bg7 4. Nbd2 O-O 5. e4 d5 6. exd5 Nxd5 7. c3 c5 8.
dxc5 Qc7 9. Bc4 Qxc5 10. Qe2 Bg4 11. O-O h6 12. Bh4 Nc6 13. Nb3 Qd6 14. Rad1
Nf4 15. Qe3 Qc7 16. Bg3 e5 17. Bxf4 exf4 18. Qc5 Rac8 19. Bd5 Qb8 20. Qb5 Rc7
21. h3 Bh5 22. Nc5 a6 23. Qa4 Ne7 24. Nd7 Qe8 25. Rfe1 b5 26. Nf6+ Bxf6 27.
Qxf4 Nxd5 28. Rxd5 Re7 29. Ne5 Bg7 30. g4 g5 31. Qg3 Bg6 32. Re3 Bh7 33. Rc5
Qd8 34. Nc6 Qd1+ 35. Kh2 Rxe3 36. Qxe3 Qd6+ 37. Kg1 Bf6 38. b4 Kg7 39. Nd4 Rd8
40. Rc6 Qd5 41. Rxa6 Bxd4 42. cxd4 Qxd4 43. Qxd4+ Rxd4 44. a3 Rd1+ 45. Kg2 Be4+
0-1

[Event "World Open"]
[Site "Arlington, VA"]
[Date "2013.07.06"]
[Round "6.11"]
[White "Shen, Arthur"]
[Black "Holt, Conrad"]
[Result "0-1"]
[WhiteElo "2286"]
[BlackElo "2531"]
[PlyCount "84"]
[EventDate "2013.07.??"]
[EventType "swiss"]
[EventRounds "9"]
[EventCountry "USA"]

1. d4 d5 2. c4 c6 3. Nf3 Nf6 4. Nc3 dxc4 5. a4 Bf5 6. Nh4 e6 7. Nxf5 exf5 8. e3
Bb4 9. Bxc4 O-O 10. Qc2 g6 11. O-O Nbd7 12. f3 Rc8 13. Kh1 Nb6 14. Bb3 c5 15.
dxc5 Rxc5 16. e4 Nh5 17. Be3 f4 18. Bxc5 Ng3+ 19. Kg1 Bxc5+ 20. Rf2 Qh4 21. Rd1
Re8 22. Nd5 Rc8 23. a5 Nxd5 24. Rxd5 Qe7 25. Rxc5 Rxc5 26. Qd1 Nh5 27. Rd2 Nf6
28. a6 bxa6 29. Rd8+ Kg7 30. Qd6 Rc1+ 31. Bd1 Qxd6 32. Rxd6 Ne8 33. Rd2 Nc7 34.
g3 Ne6 35. Kg2 a5 36. gxf4 Nxf4+ 37. Kg3 g5 38. h4 Kg6 39. Kg4 h5+ 40. Kg3 f6
41. e5 fxe5 42. Rd6+ Kf5 0-1

[Event "World Open"]
[Site "Arlington, VA"]
[Date "2013.07.06"]
[Round "6.13"]
[White "Kacheishvili, Giorgi"]
[Black "Bodek, Michael"]
[Result "1/2-1/2"]
[WhiteElo "2588"]
[BlackElo "2386"]
[PlyCount "83"]
[EventDate "2013.07.??"]
[EventType "swiss"]
[EventRounds "9"]
[EventCountry "USA"]

1. c4 e6 2. Nf3 Nf6 3. Nc3 d5 4. d4 dxc4 5. e3 a6 6. a4 c5 7. Bxc4 Nc6 8. O-O
Be7 9. Qe2 cxd4 10. Rd1 e5 11. exd4 exd4 12. Nxd4 Nxd4 13. Qe5 Qd6 14. Qxd6
Bxd6 15. Rxd4 Bc5 16. Rd1 O-O 17. h3 Be6 18. Bxe6 fxe6 19. Kf1 Rad8 20. Rxd8
Rxd8 21. Ke2 Bd4 22. Ra3 Bxc3 23. bxc3 Rd7 24. Rb3 Nd5 25. Be3 Ne7 26. g4 Nc6
27. Rb6 Kf7 28. c4 Ke8 29. c5 Kd8 30. Rb3 Kc8 31. Rd3 Rxd3 32. Kxd3 Kd7 33. Ke4
Ke7 34. h4 Kf7 35. h5 g6 36. f4 Ke8 37. Bd2 Kd7 38. Be1 Ke8 39. Bf2 Kd7 40. Bh4
Ke8 41. Be1 Kd8 42. Bc3 1/2-1/2

[Event "World Open"]
[Site "Arlington, VA"]
[Date "2013.07.06"]
[Round "6.14"]
[White "Liang, Awonder"]
[Black "Panchanathan, Magesh"]
[Result "0-1"]
[WhiteElo "2053"]
[BlackElo "2583"]
[PlyCount "76"]
[EventDate "2013.07.??"]
[EventType "swiss"]
[EventRounds "9"]
[EventCountry "USA"]

1. e4 e5 2. Nf3 Nc6 3. Bb5 a6 4. Ba4 Nf6 5. O-O Be7 6. d4 exd4 7. e5 Ne4 8.
Nxd4 Nxd4 9. Qxd4 Nc5 10. Nc3 O-O 11. Nd5 Re8 12. Bg5 Bxg5 13. Qxc5 Rxe5 14. f4
d6 15. Qd4 c5 16. Qd3 Bxf4 17. Nxf4 Bf5 18. Qc3 b5 19. Bb3 c4 20. Bxc4 bxc4 21.
Qxc4 Qb6+ 22. Kh1 Rc8 23. Qa4 Ra5 24. Qb3 Qxb3 25. cxb3 g5 26. Nh5 Bg6 27. Nf6+
Kg7 28. h3 Re5 29. Rf2 Rc2 30. Nh5+ Kh6 31. Rxc2 Bxc2 32. Ng3 f5 33. Rc1 f4 34.
Nh5 Re2 35. Nf6 Kg6 36. Ne8 Be4 37. Rg1 f3 38. Nxd6 f2 0-1

[Event "World Open"]
[Site "Arlington, VA"]
[Date "2013.07.06"]
[Round "6.15"]
[White "Shetty, Atulya"]
[Black "Shabalov, Alex"]
[Result "0-1"]
[WhiteElo "2320"]
[BlackElo "2553"]
[PlyCount "180"]
[EventDate "2013.07.??"]
[EventType "swiss"]
[EventRounds "9"]
[EventCountry "USA"]

1. c4 Nf6 2. g3 g6 3. Bg2 Bg7 4. Nc3 O-O 5. e4 c5 6. Nge2 Nc6 7. O-O Ne8 8. d3
Nc7 9. f4 Ne6 10. f5 Ned4 11. Nxd4 cxd4 12. Ne2 Ne5 13. Kh1 b5 14. b3 bxc4 15.
bxc4 Qa5 16. Qc2 Ba6 17. Nxd4 Nxc4 18. Nb3 Qc3 19. Qxc3 Bxc3 20. Bh6 Bxa1 21.
Rxa1 Nb2 22. Bxf8 Rxf8 23. d4 d6 24. Rc1 Rc8 25. Rxc8+ Bxc8 26. fxg6 hxg6 27.
Bf3 Na4 28. Kg2 Nc3 29. a3 Bd7 30. e5 Nb1 31. Na5 Nxa3 32. Kf2 Nc2 33. exd6
exd6 34. d5 Kf8 35. h4 Bb5 36. g4 Na3 37. h5 Nc4 38. Nc6 a5 39. Nd4 Bd7 40. Be2
Nb6 41. Bf3 a4 42. Nc2 Nc4 43. Be2 Ne5 44. Kg3 Kg7 45. Kf4 gxh5 46. gxh5 Kh6
47. Na3 Bc8 48. Bb5 Bd7 49. Be2 f6 50. Nc2 Be8 51. Na3 Bxh5 52. Bb5 Bf7 53. Ke4
Kg5 54. Bxa4 f5+ 55. Kd4 Kf4 56. Bd1 Be8 57. Nb1 Kg3 58. Nd2 Kf2 59. Bc2 Bd7
60. Kc3 Ke1 61. Bb1 f4 62. Be4 Bg4 63. Nb3 f3 64. Nd4 f2 65. Bg2 Ng6 66. Nc2+
Ke2 67. Nd4+ Ke3 68. Nc2+ Kf4 69. Bf1 Ne7 70. Nb4 Bf3 71. Kd4 Nf5+ 72. Kc3 Ne3
73. Nd3+ Kg3 74. Nxf2 Kxf2 75. Bb5 Kg3 76. Kd4 Kf4 77. Bc6 Nf5+ 78. Kd3 Ke5 79.
Bd7 Bxd5 80. Be8 Be4+ 81. Kd2 d5 82. Bc6 d4 83. Bb5 Nd6 84. Ba6 Kd5 85. Be2
Nc4+ 86. Kd1 Kc5 87. Bh5 Kb4 88. Be2 Kc3 89. Kc1 Nb2 90. Bf1 Bc2 0-1

[Event "World Open"]
[Site "Arlington, VA"]
[Date "2013.07.06"]
[Round "6.16"]
[White "Arnold, Marc"]
[Black "Ostrovskiy, Aleksandr"]
[Result "1-0"]
[WhiteElo "2525"]
[BlackElo "2403"]
[PlyCount "95"]
[EventDate "2013.07.??"]
[EventType "swiss"]
[EventRounds "9"]
[EventCountry "USA"]

1. Nf3 d5 2. c4 c6 3. Qb3 Nf6 4. g3 e6 5. Bg2 Be7 6. O-O O-O 7. d4 b5 8. c5 a5
9. Nbd2 Nbd7 10. Qc2 h6 11. e4 dxe4 12. Nxe4 Nxe4 13. Qxe4 Bb7 14. Qc2 Nf6 15.
Re1 Nd5 16. Bd2 Bf6 17. Rad1 Qc7 18. Qe4 Rad8 19. Qg4 Kh8 20. Qh5 Kg8 21. Bf1
Ne7 22. Bf4 Qc8 23. Bd6 Rxd6 24. cxd6 Nf5 25. Ne5 Nxd6 26. Bg2 Rd8 27. Rc1 Bxe5
28. Rxe5 Qd7 29. Rec5 Nf5 30. d5 exd5 31. Bh3 g6 32. Bxf5 gxh5 33. Bxd7 Rxd7
34. a4 bxa4 35. Rxa5 Kg7 36. Rxa4 Rd6 37. Kf1 Bc8 38. Ke2 Bg4+ 39. f3 Re6+ 40.
Kf2 Bf5 41. Rd4 Rd6 42. b4 Kf6 43. Rf4 Kg6 44. Ke3 Bd7 45. Kd4 Re6 46. Kc5 Re2
47. Kd6 Be8 48. Ra1 1-0

[Event "World Open"]
[Site "Arlington, VA"]
[Date "2013.07.06"]
[Round "6.17"]
[White "Molner, Mackenzie"]
[Black "Liou, Yian"]
[Result "1/2-1/2"]
[WhiteElo "2501"]
[BlackElo "2381"]
[PlyCount "115"]
[EventDate "2013.07.??"]
[EventType "swiss"]
[EventRounds "9"]
[EventCountry "USA"]

1. d4 d5 2. c4 c6 3. Nf3 Nf6 4. Qc2 dxc4 5. Qxc4 Bf5 6. g3 Nbd7 7. Bg2 e6 8.
O-O Be7 9. e3 O-O 10. Rd1 Qc7 11. Nc3 Nd5 12. Ne1 Nxc3 13. Qxc3 Rac8 14. e4 Bg4
15. f3 Bh5 16. Be3 f5 17. Rdc1 Bf7 18. Nd3 Bf6 19. Bh3 Rfe8 20. Re1 g6 21. Rac1
Rcd8 22. Kh1 a6 23. b4 Qb8 24. Bf4 Qa7 25. Ne5 Nxe5 26. dxe5 Bg7 27. Bg5 Rc8
28. Be3 Qb8 29. f4 Qc7 30. a4 Rcd8 31. Bg2 Qb8 32. Bb6 Rd7 33. Rcd1 Qc8 34. Bf3
Ree7 35. Rc1 Qb8 36. Rc2 g5 37. Qc4 Bg6 38. Bc5 Re8 39. Bd6 Qd8 40. Rd2 gxf4
41. exf5 Bxf5 42. Qxf4 Bg6 43. Qe3 Rf8 44. Rf2 Rff7 45. Bg4 Qe8 46. Ref1 Rxf2
47. Rxf2 Rf7 48. Rf3 h5 49. Bh3 Bc2 50. a5 Rxf3 51. Qxf3 Qg6 52. Kg1 Kh8 53.
Bg2 Kg8 54. h4 Bf5 55. Kh2 Bg4 56. Qf2 Qd3 57. Qb6 Qe2 58. Kg1 1/2-1/2

[Event "World Open"]
[Site "Arlington, VA"]
[Date "2013.07.06"]
[Round "6.18"]
[White "Wang, Kevin"]
[Black "Hossain, Enamul"]
[Result "1/2-1/2"]
[WhiteElo "2297"]
[BlackElo "2487"]
[PlyCount "68"]
[EventDate "2013.07.??"]
[EventType "swiss"]
[EventRounds "9"]
[EventCountry "USA"]

1. e4 c5 2. c3 g6 3. d4 cxd4 4. cxd4 d5 5. e5 Bg7 6. Nf3 Nc6 7. Bb5 Nh6 8. O-O
O-O 9. h3 Bf5 10. Nc3 Be4 11. Ng5 Qb6 12. Bxc6 Qxc6 13. Ngxe4 dxe4 14. d5 Qd7
15. Qe2 f5 16. exf6 exf6 17. Qxe4 Rfe8 18. Qd3 Nf7 19. Be3 a6 20. Bd4 b5 21. a3
Nd6 22. Rfe1 Rac8 23. Re2 Nf5 24. Rae1 Rxe2 25. Rxe2 Nxd4 26. Qxd4 f5 27. Qd3
Rd8 28. Kf1 Qd6 29. Kg1 Bxc3 30. bxc3 Qxa3 31. Re6 Qc1+ 32. Kh2 Qf4+ 33. Kg1
Qc1+ 34. Kh2 Qf4+ 1/2-1/2

[Event "World Open"]
[Site "Arlington, VA"]
[Date "2013.07.06"]
[Round "6.19"]
[White "Yang, Darwin"]
[Black "Getz, Alec"]
[Result "1-0"]
[WhiteElo "2485"]
[BlackElo "2332"]
[PlyCount "49"]
[EventDate "2013.07.??"]
[EventType "swiss"]
[EventRounds "9"]
[EventCountry "USA"]

1. d4 d5 2. c4 c6 3. Nf3 e6 4. Nc3 Nd7 5. Qc2 dxc4 6. e4 b5 7. a4 b4 8. Nd1 a5
9. Bxc4 Bb7 10. O-O Be7 11. Ne3 Ngf6 12. Rd1 O-O 13. e5 Nd5 14. Bd3 h6 15. Ng4
c5 16. Qe2 cxd4 17. Nxd4 Nc5 18. Nxh6+ gxh6 19. Bxh6 f5 20. exf6 Bxf6 21. Nxe6
Nxe6 22. Qxe6+ Rf7 23. Bh7+ Kxh7 24. Qxf7+ Kxh6 25. Qxb7 1-0

[Event "World Open"]
[Site "Arlington, VA"]
[Date "2013.07.06"]
[Round "6.20"]
[White "Troff, Kayden"]
[Black "Vibbert, Sean"]
[Result "0-1"]
[WhiteElo "2427"]
[BlackElo "2256"]
[PlyCount "92"]
[EventDate "2013.07.??"]
[EventType "swiss"]
[EventRounds "9"]
[EventCountry "USA"]

1. d4 d5 2. c4 e6 3. Nf3 Nf6 4. g3 dxc4 5. Bg2 a6 6. O-O Nc6 7. Bg5 Be7 8. e3
Rb8 9. Nfd2 e5 10. Bxf6 gxf6 11. d5 Nb4 12. Nxc4 b5 13. Nxe5 fxe5 14. a3 Rb6
15. axb4 h5 16. Nd2 Bxb4 17. Qc2 Bxd2 18. Qxd2 h4 19. Qc3 Qe7 20. Rac1 Kd8 21.
e4 b4 22. Qc4 a5 23. Rfd1 Rhh6 24. Qa2 Rb5 25. Qc4 Ba6 26. d6 Rxd6 27. Rxd6+
Qxd6 28. Qxf7 Rc5 29. Ra1 Kc8 30. gxh4 Kb7 31. Bh3 Ka7 32. Kg2 Qd4 33. Bf5 Bb7
34. Kg3 Qxb2 35. Re1 Qd2 36. Re3 Rc3 37. h5 Rxe3+ 38. fxe3 Qxe3+ 39. Kh4 Qf4+
40. Kh3 Qe3+ 41. Kh4 Qf4+ 42. Kh3 Qc1 43. Kg4 Ba6 44. Bg6 Be2+ 45. Kf5 Qf4+ 46.
Ke6 Bc4+ 0-1

[Event "World Open"]
[Site "Arlington, VA"]
[Date "2013.07.06"]
[Round "6.21"]
[White "Vioreanu, Bogdan"]
[Black "Chiang, Jonathan"]
[Result "1-0"]
[WhiteElo "2404"]
[BlackElo "2131"]
[PlyCount "79"]
[EventDate "2013.07.??"]
[EventType "swiss"]
[EventRounds "9"]
[EventCountry "USA"]

1. d4 Nf6 2. c4 c5 3. d5 b5 4. cxb5 a6 5. bxa6 g6 6. Nc3 Bxa6 7. g3 d6 8. Bg2
Bg7 9. Nf3 Nbd7 10. O-O Nb6 11. Nd2 O-O 12. Qc2 Nfd7 13. Rd1 Ne5 14. Rb1 Nbd7
15. b3 Qa5 16. Bb2 Rfc8 17. a3 Qb6 18. h3 Rc7 19. Rbc1 Bh6 20. Na4 Qa7 21. Kf1
Bxe2+ 22. Kxe2 Qa6+ 23. Nc4 Bxc1 24. Rxc1 Rb7 25. Kd1 Nxc4 26. Qxc4 Qxc4 27.
Rxc4 Rxb3 28. Kc2 Rb7 29. Re4 Nf6 30. Rf4 Ne8 31. Nc3 Rab8 32. Bc1 Nf6 33. Bf1
Nd7 34. Re4 Ne5 35. Re3 Kf8 36. f4 Nd7 37. a4 Rb4 38. Bb5 Nb6 39. Rd3 c4 40.
Rd4 1-0

[Event "World Open"]
[Site "Arlington, VA"]
[Date "2013.07.06"]
[Round "6.23"]
[White "Lenderman, Aleksandr"]
[Black "Williams, Justus"]
[Result "1/2-1/2"]
[WhiteElo "2548"]
[BlackElo "2199"]
[PlyCount "79"]
[EventDate "2013.07.??"]
[EventType "swiss"]
[EventRounds "9"]
[EventCountry "USA"]

1. Nf3 Nf6 2. g3 c5 3. Bg2 g6 4. b3 Bg7 5. Bb2 O-O 6. c4 Nc6 7. O-O Re8 8. d4
d5 9. cxd5 Nxd5 10. Qd2 cxd4 11. Nxd4 Nxd4 12. Bxd4 Nf4 13. Bxg7 Qxd2 14. Nxd2
Nxe2+ 15. Kh1 Kxg7 16. Nc4 Kf8 17. Rad1 Nc3 18. Rd2 Nb5 19. Rc1 Rb8 20. a4 Nd6
21. Nxd6 exd6 22. Rxd6 Be6 23. b4 Ke7 24. Rd4 Red8 25. Rc7+ Rd7 26. Rdxd7+ Bxd7
27. a5 Rc8 28. Rxc8 Bxc8 29. f4 b6 30. axb6 axb6 31. Kg1 Kd6 32. Kf2 Be6 33.
Ke3 f6 34. Be4 Bf5 35. Bf3 h6 36. h4 g5 37. hxg5 hxg5 38. fxg5 fxg5 39. Kd4 Bb1
40. Bd5 1/2-1/2

[Event "World Open"]
[Site "Arlington, VA"]
[Date "2013.07.06"]
[Round "6.25"]
[White "Rahman, Md Taibur"]
[Black "Kiewra, Keaton"]
[Result "1/2-1/2"]
[WhiteElo "2301"]
[BlackElo "2422"]
[PlyCount "98"]
[EventDate "2013.07.??"]
[EventType "swiss"]
[EventRounds "9"]
[EventCountry "USA"]

1. d4 Nf6 2. c4 g6 3. Nc3 Bg7 4. e4 O-O 5. Nf3 c6 6. Be2 d5 7. cxd5 cxd5 8. e5
Ne4 9. Qb3 Nxc3 10. bxc3 Nc6 11. O-O Na5 12. Qb4 Bf5 13. Ba3 Re8 14. Bb5 Nc6
15. Qa4 a6 16. Be2 b5 17. Qd1 Rc8 18. Nd2 Qb6 19. Bc5 Qa5 20. Qb3 Qd8 21. a4
Nxe5 22. axb5 axb5 23. Bxb5 Nd7 24. Bb4 Qb6 25. Qa4 Qc7 26. Ba5 Qb7 27. Bb4 Ra8
28. Bc6 Rxa4 29. Bxb7 Rxa1 30. Rxa1 Nf6 31. Nb3 e6 32. Nc5 h5 33. Ra7 Bf8 34.
f3 Kg7 35. Bc6 Rc8 36. Bb5 Rb8 37. Be2 Rb6 38. Kf2 g5 39. Ra8 Bd6 40. g3 g4 41.
Ra6 Rxa6 42. Nxa6 Bf8 43. Ke3 Kg8 44. Bxf8 Kxf8 45. Nb4 Kg7 46. Nc6 gxf3 47.
Bxf3 Bg6 48. Ne5 Ne8 49. c4 dxc4 1/2-1/2

[Event "World Open"]
[Site "Arlington, VA"]
[Date "2013.07.06"]
[Round "6.26"]
[White "Aaron, Deepak"]
[Black "Cheng, Bindi"]
[Result "1/2-1/2"]
[WhiteElo "2271"]
[BlackElo "2406"]
[PlyCount "118"]
[EventDate "2013.07.??"]
[EventType "swiss"]
[EventRounds "9"]
[EventCountry "USA"]

1. e4 g6 2. d4 Bg7 3. Nc3 d6 4. Be3 a6 5. f3 Nd7 6. Qd2 b5 7. Nh3 Bb7 8. Be2 c5
9. a4 b4 10. Nd1 Ngf6 11. O-O O-O 12. c3 bxc3 13. bxc3 Qa5 14. Nb2 cxd4 15.
Bxd4 e5 16. Nc4 Qc7 17. Bf2 d5 18. exd5 Bxd5 19. Ne3 Bb7 20. Rfd1 Rfc8 21. Qa2
h6 22. Rab1 Bc6 23. a5 e4 24. f4 Nc5 25. c4 Nd3 26. Nd5 Nxd5 27. cxd5 Bb5 28.
Bb6 Qc2 29. Qxc2 Rxc2 30. Bxd3 exd3 31. Nf2 d2 32. Be3 Bc3 33. Ne4 Be2 34. Nxc3
Bxd1 35. Nxd1 Rac8 36. d6 Rd8 37. Kf2 Rxd6 38. Rb6 Rd5 39. Rxa6 Ra2 40. Ra8+
Kg7 41. a6 g5 42. fxg5 hxg5 43. a7 Rf5+ 44. Ke2 Re5 45. g4 Ra1 46. Kxd2 Rd5+
47. Kc2 Rdxd1 48. Rc8 f6 49. a8=Q Rxa8 50. Rxa8 Rh1 51. Kd3 Rxh2 52. Ke4 Kg6
53. Ra6 Rh1 54. Bd4 Rf1 55. Rxf6+ Rxf6 56. Bxf6 Kxf6 57. Kd5 Kf7 58. Ke5 Ke7
59. Kf5 Kf7 1/2-1/2

[Event "World Open"]
[Site "Arlington, VA"]
[Date "2013.07.06"]
[Round "6.31"]
[White "Boor, Carl"]
[Black "Colas, Joshua"]
[Result "1/2-1/2"]
[WhiteElo "2309"]
[BlackElo "2225"]
[PlyCount "42"]
[EventDate "2013.07.??"]
[EventType "swiss"]
[EventRounds "9"]
[EventCountry "USA"]

1. d4 d5 2. c4 c6 3. Nc3 Nf6 4. cxd5 cxd5 5. f3 g6 6. e4 dxe4 7. fxe4 Bg7 8.
Nf3 O-O 9. Be2 b6 10. O-O Bb7 11. e5 Nd5 12. Qe1 Nc6 13. Qh4 f6 14. Ne4 Qd7 15.
Bd2 Rad8 16. e6 Qe8 17. a3 Nc7 18. Be3 Nd5 19. Bd2 Nc7 20. Be3 Nd5 21. Bd2 Nc7
1/2-1/2

[Event "World Open"]
[Site "Arlington, VA"]
[Date "2013.07.06"]
[Round "7.1"]
[White "Akobian, Varuzhan"]
[Black "Bruzon Batista, Lazaro"]
[Result "1/2-1/2"]
[WhiteElo "2612"]
[BlackElo "2689"]
[PlyCount "20"]
[EventDate "2013.07.??"]
[EventType "swiss"]
[EventRounds "9"]
[EventCountry "USA"]
[WhiteClock "1:13:28"]
[BlackClock "1:03:33"]

1. d4 Nf6 2. c4 e6 3. Nf3 b6 4. g3 Bb4+ 5. Bd2 Bxd2+ 6. Qxd2 Ba6 7. b3 c6 8.
Nc3 d5 9. Bg2 O-O 10. O-O dxc4 1/2-1/2

[Event "World Open"]
[Site "Arlington, VA"]
[Date "2013.07.06"]
[Round "7.2"]
[White "Laznicka, Viktor"]
[Black "Erenburg, Sergey"]
[Result "1/2-1/2"]
[WhiteElo "2684"]
[BlackElo "2615"]
[PlyCount "48"]
[EventDate "2013.07.??"]
[EventType "swiss"]
[EventRounds "9"]
[EventCountry "USA"]
[WhiteClock "0:03:59"]
[BlackClock "0:05:32"]

1. d4 d5 2. c4 c6 3. Nf3 Nf6 4. e3 a6 5. Nbd2 Bf5 6. Nh4 Bg4 7. Qc2 e6 8. h3
Bh5 9. g4 Bg6 10. Nxg6 hxg6 11. Bg2 Nbd7 12. O-O Rc8 13. c5 e5 14. dxe5 Nxe5
15. b4 g5 16. f4 Ng6 17. fxg5 Nd7 18. Nf3 Qc7 19. e4 Qg3 20. e5 Rxh3 21. Qf5
Ne7 22. Qf4 Ng6 23. Qf5 Ne7 24. Qf4 Ng6 1/2-1/2

[Event "World Open"]
[Site "Arlington, VA"]
[Date "2013.07.06"]
[Round "7.3"]
[White "Yuniesky, Quesada"]
[Black "Mikhalevski, Victor"]
[Result "1-0"]
[WhiteElo "2639"]
[BlackElo "2552"]
[PlyCount "97"]
[EventDate "2013.07.??"]
[EventType "swiss"]
[EventRounds "9"]
[EventCountry "USA"]
[WhiteClock "0:26:08"]
[BlackClock "0:29:45"]

1. e4 e5 2. Nf3 Nc6 3. Bb5 a6 4. Ba4 Nf6 5. O-O Nxe4 6. d4 b5 7. Bb3 d5 8. dxe5
Be6 9. Be3 Be7 10. c3 Nc5 11. Bc2 Nd7 12. Bd4 Bg4 13. Re1 Nf8 14. Qd3 Ne6 15.
Nbd2 Bh5 16. Nb3 Qd7 17. Qe3 Bg6 18. Bxg6 hxg6 19. Rad1 O-O 20. Bc5 Rfd8 21.
Bxe7 Nxe7 22. Nfd4 Nf5 23. Nxf5 gxf5 24. Qh3 g6 25. Qh4 Qe8 26. Rd3 Qf8 27. Nd4
Nxd4 28. cxd4 Rd7 29. Rc1 Re8 30. Rdc3 Re6 31. Rxc7 Rxc7 32. Rxc7 Qe8 33. Rc5
Rc6 34. b4 Rxc5 35. bxc5 b4 36. h3 Qa4 37. Qd8+ Kh7 38. Qxd5 Qd1+ 39. Kh2 Qd2
40. Qxf7+ Kh6 41. Qf8+ Kh7 42. Qe7+ Kg8 43. Qd8+ Kg7 44. Qc7+ Kh6 45. e6 f4 46.
f3 Qxd4 47. e7 Qe3 48. Qd8 Qe1 49. e8=Q 1-0